Normal view
MARC view
- Barrionuevo Vida, María Belén
Entry Nombre Personal
001 - NUMERO DE CONTROL
- campo de control: 53413
003 - IDENTIFICADOR DE NUMERO DE CONTROL
- campo de control: MX-MxUPN
005 - FECHA Y HORA DE LA ÜLTIMA TRANSACCIÓN
- campo de control: 20240904151544.0
008 - DATOS DE LONGITUD FIJA
- campo de control de longitud fija: 240904|| aca||aabn a aaa d
040 ## - FUENTE DE CATALOGACIÓN
- Agencia original de catalogación: MX-MxUPN
- Lenguaje de catalogación: spa
- Agencia de transcripción: MX-MxUPN
100 1# - ENCABEZAMIENTO - NOMBRE PERSONAL
- Nombre personal: Barrionuevo Vida, María Belén
400 1# - VEÁSE - NOMBRE DE PERSONA
- Personal name: Barrionuevo Vida, M. B.
670 ## - FUENTE EN LA QUE SE LOCALIZARON DATOS
- Cita de la fuente: Aulas híbridas y bimodalidad : entornos integrados de aprendizajes, 2021:
- Información localizada: portada (María Belén Barrionuevo Vida) cubierta (M.B. Barrionuevo Vidal)
902 ## - CATALOGADOR
- Catalogador: Víctor Ruiz/040924
